=LDR 00000nam 2200000 4500 =001 INLIS000000000049665 =005 20170310102957.0 =006 =007 =008 =035 ##$$0010-031700000000110 =040 ##$$a NBPDMAT =082 ##$$a 362 293 =084 ##$$a 362 293 ind h =100 ##$$a Indri Resmining F =245 ##$$a narkoba penghancur bangsa / $c indri Resmining F =260 ##$$a Surakarta : $b Aryhaeko Sinergi Persada, $c 2014 =300 ##$$a 120 hlm . : $c 21 cm =500 ##$$a Biliografi : hlm. 120 =650 ##$$a Penyalahgunaan Narkoba =990 ##$$a 72687268 =990 ##$$a 21603549 =990 ##$$a 21602280/BPAP-NTB/2017 =990 ##$$a 21603546 =990 ##$$a 21603547 =990 ##$$a 21603548 =990 ##$$a 00000121095